| 000 | 00000nam 2200000za 4500 |
| 001 | 9.837940 |
| 003 | CaOODSP |
| 005 | 20221107151247 |
| 007 | cr ||||||||||| |
| 008 | 170608s2017 oncd os f000 0 eng d |
| 040 | |aCaOODSP|beng |
| 043 | |an-cn-ns |
| 086 | 1 |aCS95-640/3-2016E-PDF |
| 245 | 00|aNova Scotia leads Atlantic Canada in corn and apple area |h[electronic resource]. |
| 260 | |a[Ottawa] : |bStatistics Canada, |c2017. |
| 300 | |a8 p. : |bcol. charts |
| 490 | 0 |a[Farm and farm operator data] |
| 500 | |aIssued also in French under title: La Nouvelle-Écosse arrive en tête du Canada atlantique pour ce qui est de la superficie consacrée au maïs et aux pommes. |
| 500 | |aCover title. |
| 500 | |a"Release date: May 10, 2017. " |
| 520 | |a“This article presents the highlights and a brief analysis of the results from the 2016 Census of Agriculture for the province of Nova Scotia"--Provided by publisher. |
| 692 | 07|2gccst|aAgri-food industry |
| 692 | 07|2gccst|aFarms |
| 692 | 07|2gccst|aStatistics |
| 710 | 2 |aStatistics Canada. |
| 775 | 08|tLa Nouvelle-Écosse arrive en tête du Canada atlantique pour ce qui est de la superficie consacrée au maïs et aux pommes |w(CaOODSP)9.837941 |
| 856 | 40|qPDF|s333 KB|uhttps://publications.gc.ca/collections/collection_2017/statcan/95-640-x/14802-eng.pdf |
| 986 | |a95-640-X |